العمامة والقبعة : (Record no. 7883)
[ view plain ]
| 000 -الفاتح | |
|---|---|
| حقل البيانات ثابتة الطول | 00853cam a22002415i 4500 |
| 003 - محدد رقم الضبط | |
| رقم الضبط | EG-ScBUE |
| 005 - وقت وتاريخ اخر تعامل مع التسجيلة | |
| رقم الضبط | 20210203115020.0 |
| 008 - عناصر البيانات ثابتة الطول - معلومات عامة | |
| حقل البيانات ثابتة الطول | 110331s2008 ua g 000 ff ara d |
| 040 ## - مصدر الفهرسة | |
| وكالة الفهرسة الأصلية | EG-ScBUE |
| لغة الفهرسة | ara |
| قواعد الوصف | rda |
| وكالة النسخ | EG-ScBUE |
| وكالة التعديل | EG-ScBUE |
| 082 04 - رقم تصنيف ديوى العشرى | |
| رقم التصنيف | 892.736 |
| رقم المادة | إ ب ر |
| رقم الطبعة | 22 |
| 100 1# - المدخل الرئيسى - إسم شخصى | |
| الإسم الشخصى | إبراهيم، صنع الله، |
| التواريخ المصاحبة للاسم | 1937- |
| الدور | مؤلف. |
| 245 12 - بيان العنوان | |
| العنوان | العمامة والقبعة : |
| بقية العنوان | رواية / |
| بيان المسئوليه,etc | صنع الله إبراهيم. |
| 250 ## - بيان الطبعة | |
| بيان الطبعة | الطبعة الأولى. |
| 264 #1 - النشر، التوزيع | |
| مكان الناشر او الموزع | القاهرة : |
| اسم الناشر او الموزع | دار المستقبل العربي، |
| تاريخ النشر أو التوزيع | 2008. |
| 300 ## - الوصف المادى | |
| التعداد | 333 صفحة ؛ |
| أبعاد الوعاء | 20 سم |
| 336 ## - نوع المحتوى | |
| Carrier Type Term | نص |
| Content Type Code | txt |
| source | rdacontent |
| 337 ## - نوع الوسيط | |
| Media Type Term | بدون وسيط |
| Media Type Code | n |
| source | rdamedia |
| 338 ## - نوع الحامل أو الناقل | |
| Carrier Type Term | مجلد |
| Carrier Type Code | nc |
| source | rdacarrier |
| 650 #7 - المدخل الاضافى بالموضوع-مصطلح موضوعى | |
| مصطلح موضوعي أو اسم جغرافي كعنصر مدخل | القصص العربية |
| التقسيم الفرعي الزمني | قرن 20. |
| مصدر الرأس أو المصطلح | BUEsh |
| 651 ## - المدخل الاضافى بالموضوع - اسم جغرافى | |
| مصدر الرأس أو المصطلح | BUEsh |
| 653 ## - مصطلح تكشيفى غير مقيد | |
| Resource For college | Arabic Literature |
| -- | Generalities |
| Arrived date list | February2021 |
| 942 ## - عناصر المدخل الإضافي( كوها) | |
| Koha [default] item type | Book - Borrowing |
| مصدر التصنيف او مخطط الترفيف | Dewey Decimal Classification |
| حالة التراجع | حالة الفقد | مصدر التصنيف او خطة الترفيف | حالة تلف | ليس للاعارة | مجموعات كوها | المكان الدائم | المكان الحالي | موقع الترفيف | تاريخ الاكتساب | Source of acquisition | رقم الاستدعاء | الباركود | Date last seen | التكلفة | نوع الوعاء |
|---|---|---|---|---|---|---|---|---|---|---|---|---|---|---|---|
| Dewey Decimal Classification | unknown | Central Library | Central Library | Second Floor | 08/02/2011 | Purchase | 892.736 إ ب ر | 000009653 | 15/07/2025 | 35.00 | Book - Borrowing |